000 00874nam a2200241 i 4500
001 12678
003 ES-MaACL
005 20250804223816.0
007 t|
008 920828s1990 sp |||| | spa d
020 _a84-7232-549-0
080 _a32(081)Hostos, Eugenio María de
245 0 0 _aEugenio María de Hostos /
_cedición de Ángel López Cantos.
260 _aMadrid :
_bCultura Hispánica,
_c1990.
300 _a187 p. ;
_c24 cm.
490 1 _aAntología del pensamiento político, social y económico de América Latina ;
_v12
504 _aBibliografía: p. 171-187.
600 1 7 _aHostos, Eugenio María de,
_d1839-1903
_2embne
_964302
700 1 _aLópez Cantos, Angel.
_973491
830 1 0 _aAntología del pensamiento político, social y económico de América Latina
_v12
_9178008
852 _aES-MaACL
_jL-20040
999 _c12678
_d12678